The routledge handbook of music signification

Guardat en:
Dades bibliogràfiques
Format: Llibre
Idioma:anglès
Publicat: Routledge 2020
Etiquetes: Afegir etiqueta
Sense etiquetes, Sigues el primer a etiquetar aquest registre!

MARC

LEADER 00000nam a22000007a 4500
008 240808b |||||||| |||| 00| 0 eng d
020 |a 9781032172798 
245 |a The routledge handbook of music signification   |c Esti Sheinberg and William P. Dougherty  |g xix, 406p.; ill 
250 |c Sheinberg, Esti 
250 |c Dougherty, William P. 
260 |b Routledge  |c 2020  |h New York  |i 702259  |i 702260  |i 702261  |i 702262  |l ML3845.R75  |m Music - Semiotics  |m Narrative in music  |m Music- Social aspects  |m Music- Psychological aspects  |m Music - Philosophy and aesthetics 
500 |a It includes bibliography and index 
942 |a lcc  |c BK  |e Adeyemo O.O  |f 8/8/2024 
952 |0 0  |1 0  |2 lcc  |4 0  |6 ML3845 R75  |7 0  |9 5446  |a ART  |b HOL  |c LP  |d 2024-08-08  |l 0  |o ML3845.R75  |p 2024-0687  |r 2024-08-08 00:00:00  |t 702259  |w 2024-08-08  |y BK 
952 |0 0  |1 0  |2 lcc  |4 0  |6 ML3845 R75  |7 0  |9 5447  |a HOL  |b HOL  |c LP  |d 2024-08-08  |l 0  |o ML3845.R75  |p 2024-0688  |r 2024-08-08 00:00:00  |t 702260  |w 2024-08-08  |y BK 
952 |0 0  |1 0  |2 lcc  |4 0  |6 ML3845 R75  |7 0  |9 5448  |a HOL  |b HOL  |c LP  |d 2024-08-08  |l 0  |o ML3845.R75  |p 2024-0689  |r 2024-08-08 00:00:00  |t 702261  |w 2024-08-08  |y BK 
952 |0 0  |1 0  |2 lcc  |4 0  |6 ML3845 R75  |7 0  |9 5449  |a HOL  |b HOL  |c LP  |d 2024-08-08  |l 0  |o ML3845.R75  |p 2024-0690  |r 2024-08-08 00:00:00  |t 702262  |w 2024-08-08  |y BK 
999 |c 2696  |d 2696